| 000 | 00518nam a2200169Ia 4500 | ||
|---|---|---|---|
| 003 | GCL | ||
| 008 | 140319s9999 xx 000 0 ara d | ||
| 040 |
_aGCL / _cGCL |
||
| 082 | 0 | 4 |
_a928.1 _bع ى |
| 100 | 1 | _aعبدالرحمن ابوعوض | |
| 245 | 1 | 0 |
_aيوسف إدريس و عالمية القصص (هدية من الأديب عبدالفتاح الجمل) / _cعبدالرحمن ابوعوض |
| 300 | _a150 ص | ||
| 490 | _a | ||
| 650 | 0 | 4 | _aالادباء |
| 650 | 0 | 4 | _aيوسف ادريس |
| 942 |
_2ddc _cBK |
||
| 999 |
_c40248 _d40248 |
||